00717nam a2200193 ar4500001000500000005001700005008004100022020003200063082002400095100002800119245011400147250002200261260005600283300003900339504004100378650002500419650004500444700003400489215720221127090355.0100619s at a 00110 eng d a0324663463(pbk) :cSR258.0004a658.4032bAl15 20091 aAlbright, S. Christian.10aManagement science modeling /cS. Albright, W. L. Winston ; with cases by Mark Broadie, L. Lapin, W. Whisler. a3rd ed., revised. aAustralia :bSouth-Western/Cengage Learning,c2009. axv, 992 p. :bill. ;c26 cm.e1CD. aIncludes bibl. references and index. 4aOperations research. 4aManagement sciencexMathematical models.0 aWinston, Wayne L.,ejt. auth.